000 01188cad a22002055a 4500
001 L143597
008 080123s2008 xxkad f s 000 0 eng d
035 _a(Sirsi) u143597
041 0 _aeng
050 0 4 _a333.33 $2 18
110 2 _aAtisreal
_95337
245 0 0 _aImpact of the 2010 rating revaluation
_h[electronic resource]
260 _a[S.l.]
_bAtisreal
_c2008
520 _aAttempts to assess the likely impact of the 2010 revaluation of rateable values for commercial properties in Britain. Focuses on offices, retail and industrial. Uses data from prime rents. Reports that any new rents set around 1 April 2008 will be crucial in determining 2010 rateable values and future rates liability. Concludes that overall rateable values will increase, with office occupiers in central London and some regional centres likely to experience the biggest increases. Expects the industrial sector to have the lowest increase.
590 _aKA
651 4 _aEurope
690 _aPROPERTY-COMMERCIAL PROPERTY-COMMERCIAL PROPERTY TAXATION-BUSINESS RATES
856 4 0 _uhttps://www.atisreal.com /
_zView this report free of charge under market research at www.atisreal.com...
942 _n0
999 _c108222
_d108222